| 000 | 00866nam a2200277 a 4500 | ||
|---|---|---|---|
| 001 | 65428 | ||
| 003 | BD-RjUL | ||
| 005 | 20211209081427.0 | ||
| 008 | 201027s1964 enk 000 0 eng d | ||
| 035 | _a(BD-RjUL)65558 | ||
| 040 |
_aVCAV _beng _cVCAV _dNSL:R _dBD-RjUL |
||
| 041 | _aeng | ||
| 082 | 0 | 4 |
_223 _a822.3 _bJOB 1964 |
| 100 | 1 |
_aJonson, Ben, _d1573?-1637. _9241906 |
|
| 245 | 1 | 0 |
_aBartholomew Fair / _cBen Jonson ; Edited by Edward B. Partridge. |
| 260 |
_aLondon : _bEdward Arnold, _c1964. |
||
| 300 |
_axx, 187 p. ; _c21 cm. |
||
| 490 | 1 | _aRegents Renaissance drama series | |
| 600 |
_aJonson, Ben, _d1573?-1637 _9241911 |
||
| 650 |
_aEnglish drama _9241908 |
||
| 700 | 1 |
_aPartridge, Edward B. _q(Edward Bellamy), _d1916- _9241912 |
|
| 830 | 0 |
_aRegents Renaissance drama series. _9241913 |
|
| 942 |
_2ddc _cBK |
||
| 999 |
_c65428 _d65428 |
||